zpět

Detail výsledku týmu

Kentaur PO, Brno

Datum a čas kvízu

32.5 Celkem bodů Celkový počet nahraných bodů na tomto kvízu bez doplňovacích otázek.
5. Pořadí na kvízu Konečné umístění týmu na tomto kvízu.

Zaznamenané odpovědi

# Otázka Odpověď Body Výsledky
1. Jaroslav Foldyna z ČSSD si na... 1
2. Minulý týden byla v archivu v... 1
3. Největší úspěch na předávání E... 1
4. Evropské nezávislé konsorcium,... 0
5. Legendární norský běžec na lyž... 0
6. Z filmu S tebou mě baví svět:... 1
7. "Soudruhu doktore, já jsem red... 0
8. "Jeho nejtemnější temnosti, kr... 1
9. Mladší příslušník žadoní ve fi... 0
10. „Hele, Hanko, já ti musim něco... 0